00605cam a22002051 45000010005000000030008000050050017000130080039000300350018000690400032000870410008001190820018001271000026001452450044001712600066002153000019002815040031003006000051003316500017003821333BD-RjUL20211208233322.0131125s1967 enk b 000 0 eng a(BD-RjUL)1355 aDLCcDLCdDLCdBD-RjULbeng aeng00a111bSAS 19671 aSaxena, Sushil Kumar.10aStudies in the metaphysics of Bradley / aLondon :bAllen & Unwi,aNew York :bHumanities Press,c1967. a276 p.c22 cm. aBibliographical footnotes.10aBradley, F. H.q(Francis Herbert),d1846-1924. 0aMetaphysics.